000
00225nam a22000857a 4500
008
160817b xxu||||| |||| 00| 0 eng d
100
_9
161
_a
Salibury Martin
245
_a
Jack and the Beans talk
260
_a
New Delhi
_b
Ladybird
_c
1994
999
_c
2819
_d
2819